NLSUI OPAC header image

The HIndu World (Record no. 23001)

MARC details
000 -LEADER
fixed length control field 01793nam a2200217Ia 4500
003 - CONTROL NUMBER IDENTIFIER
control field OSt
005 - DATE AND TIME OF LATEST TRANSACTION
control field 20201001143823.0
008 - FIXED-LENGTH DATA ELEMENTS--GENERAL INFORMATION
fixed length control field 160316s2005 xxu||||| |||| 00| 0 eng d
020 ## - INTERNATIONAL STANDARD BOOK NUMBER
International Standard Book Number 9780415215275
040 ## - CATALOGING SOURCE
Transcribing agency nls
082 ## - DEWEY DECIMAL CLASSIFICATION NUMBER
Classification number 294.522000
Item number MIT
100 ## - MAIN ENTRY--PERSONAL NAME
Personal name Mittal Sushil
245 ## - TITLE STATEMENT
Title The HIndu World
260 ## - PUBLICATION, DISTRIBUTION, ETC.
Place of publication, distribution, etc. London
Name of publisher, distributor, etc. Routledge
Date of publication, distribution, etc. 2005
300 ## - PHYSICAL DESCRIPTION
Extent 657p
Dimensions x
365 ## - TRADE PRICE
Price amount Rs.1,350
505 ## - FORMATTED CONTENTS NOTE
Formatted contents note Table of contents: List of Illustrations; Note on Transliteration; Contributors; Bhumika Sushil Mittal and Gene Thursby; PART ONE: INTRODUCING THE HINDU WORLD; 1. On Hinduism and Hinduisms: The Way of the Banyan Julius Lipner; PART TWO: ORAL TEACHINGS AND TEXTUAL TRADITIONS; 2. Veda and Upani ad Laurie L. Patton 3. Mahabharata James L. Fitzgerald 4. Ramayana Robert P. Goldman and Sally J. Sutherland Goldman 5. Purana Velcheru Narayana Rao; PART THREE: THEISTIC AND DEVOTIONAL MOVEMENTS 6. Caiva Gavin Flood 7. Cakta Kathleen M. Erndl 8. Vai nava Francis X. Clooney and Tony K. Stewart 9. Bhakti David N. Lorenzen; PART FOUR: COSMIC ORDER AND HUMAN GOALS; 10. Dharma Barbara A. Holdredge; 11. Artha Hartmut Scharfe; 12. Kama Dermot Killingley; 13. Mok a Klaus K. Klostermaier; PART FIVE: SOCIAL ACTION AND SOCIAL STRUCTURE; 14. Karma Herman W. Tull; 15. Sa skara Mary McGee; 16. Varna and Jati McKim Marriott; 17. Acrama Walter O. Kaelber; PART SIX: VITALITY IN PERSONS AND IN PLACES; 18. Anna R. S. Khare; 19. Grama Susan S. Wadley; 20. Alaya Vasudha Narayanan; 21. Tertha - James Lochtefeld and Surinder M. Bhardwaj; PART SEVEN: LINGUISTIC AND PHILOSOPHIC ANALYSIS; 22. Bha a Mahadev M. Deshpande; 23. Darcana John A. Grimes; 24. Kala Randy Koetzli and Alf Hiltebeitel; Notes; References cited; Index
650 ## - SUBJECT ADDED ENTRY--TOPICAL TERM
Topical term or geographic name entry element 1. Hinduism
700 ## - ADDED ENTRY--PERSONAL NAME
Personal name Thursby Gene
--
942 ## - ADDED ENTRY ELEMENTS (KOHA)
Source of classification or shelving scheme Dewey Decimal Classification
Koha item type BOOKs
Holdings
Withdrawn status Lost status Damaged status Not for loan Home library Current library Shelving location Date acquired Cost, normal purchase price Total Checkouts Full call number Barcode Date last seen Date last checked out Price effective from Koha item type
        . . Library Compactors 30.05.2017 1350.00 1 294.522 MIT 20866 07.02.2020 04.02.2020 30.05.2017 BOOKs